00537nam a2200145 45000010005000001000033000051010008000382000140000462100075001866060016002616060017002776070028002947100049003228010020003712661 a20190723b u||y0fre||u0ba y50 aeng aThe Review of Radical Political Economics bPériodiqueeThe Political Economy of Women fUnion for Radical Political Economics (URPE) aEtats-UnisbIthaca, N.Y.cUnion for Radical Political Economics (URPE) aFéminisme aSyndicalisme aEtats-Unis d'Amérique aUnion for Radical Political Economics (URPE) aCHbCH-002049-8